[Event "Dieppe op 11th"]
[Site "Dieppe"]
[Date "2015.08.22"]
[Round "1.3"]
[White "Hauchard, Arnaud"]
[Black "Santarnecchi, Marcello"]
[Result "1-0"]
[WhiteElo "2534"]
[BlackElo "2170"]
[PlyCount "21"]
[EventDate "2015.08.22"]
[EventType "swiss"]
[EventRounds "9"]
[EventCountry "FRA"]
[SourceTitle "EXT 2019"]
[Source "ChessBase"]
[SourceDate "2018.10.10"]
[SourceVersion "1"]
[SourceVersionDate "2018.10.10"]
[SourceQuality "1"]

1. e4 g6 2. d4 Bg7 3. Nf3 d6 4. c3 Nf6 5. Bd3 0-0 6. 0-0 Nc6 7. d5 Nb8 8. c4 e6 9. Nc3 c6 10. h3 Na6 11. Be3 1-0

[Event "FRA-chT2 1011"]
[Site "France"]
[Date "2010.11.13"]
[Round "2.7"]
[White "Millet, Maud"]
[Black "Santarnecchi, Marcello"]
[Result "0-1"]
[WhiteElo "1984"]
[BlackElo "1898"]
[PlyCount "58"]
[EventDate "2010.10.17"]
[EventType "team-tourn"]
[EventRounds "11"]
[EventCountry "FRA"]
[SourceTitle "EXT 2012"]
[Source "ChessBase"]
[SourceDate "2011.11.24"]
[SourceVersion "1"]
[SourceVersionDate "2011.11.24"]
[SourceQuality "1"]

1. d4 Nf6 2. c4 e6 3. Nc3 Bb4 4. Bd2 c5 5. e3 cxd4 6. exd4 0-0 7. Nf3 d5 8. c5 b6 9. cxb6 Qxb6 10. a3 Bxc3 11. Bxc3 Ne4 12. Bb4 Re8 13. Qc2 e5 14. dxe5 Nc6 15. Bc3 Nxc3 16. Qxc3 Nxe5 17. Nxe5 d4 18. Qb4 Rxe5+ 19. Kd2 Qh6+ 20. Kd1 Bf5 21. Bc4 Rae8 22. Qb3 Bg6 23. Bd3 Qf4 24. Bxg6 hxg6 25. Qg3 Qf5 26. Qf3 Qe6 27. Qd3 Re1+ 28. Kc2 Re2+ 29. Kd1 Rxf2 0-1